书目信息 |
| 题名: |
初中数学教学课时设计
|
|
| 作者: | 洪其云 , 金承潜 编 | |
| 分册: | ||
| 出版信息: | 太原 山西人民出版社 1990.05 |
|
| 页数: | 144页 | |
| 开本: | 19cm | |
| 丛书名: | ||
| 单 册: | ||
| 中图分类: | G633.62 | |
| 科图分类: | ||
| 主题词: | 教育--各级 | |
| 电子资源: | ||
| ISBN: | 7-203-00746-4 | |
| 000 | 00723nam0 2200217 45 | |
| 001 | 0301070414 | |
| 005 | 20030107043805.9 | |
| 010 | @a7-203-00746-4@dCNY2.15 | |
| 100 | @a20030107d1990 km y0chiy0120 ea | |
| 101 | 0 | @achi |
| 105 | @a z 000yy | |
| 200 | 1 | @a初中数学教学课时设计@AChu Zhong Shu Xue Jiao Xue Ke Shi She Ji@e代数第三册(上)@EDai Shu Di San Ce(Shang)@f洪其云,金承潜编@FHong Qi Yun,Jin Cheng Qian Bian |
| 210 | @a太原@c山西人民出版社@d1990.05 | |
| 215 | @a144页@d19cm | |
| 517 | @a代数第三册(上)@ADai Shu Di San Ce(Shang) | |
| 606 | 0 | @a教育@x各级 |
| 690 | @aG633.62@v3 | |
| 701 | 0 | @a洪其云@4编 |
| 701 | 0 | @a金承潜@4编 |
| 801 | @aCN@bPftUser@c20030107 | |
| 905 | @f1@b231838@dG633.62@e177:3(1) | |
| 初中数学教学课时设计:代数第三册(上)/洪其云,金承潜编.-太原:山西人民出版社,1990.05 |
| 144页;19cm |
| ISBN 7-203-00746-4:CNY2.15 |
| ● |
| 相关链接 |
|
|
|
|
正题名:初中数学教学课时设计
索取号:G633.62/177:3(1)
 
预约/预借
| 序号 | 登录号 | 条形码 | 馆藏地/架位号 | 状态 | 备注 |
| 1 | 0231838 | 000242160 | 密集书库/ [索取号:G633.62/177:3(1)] | 在馆 | |
| 2 | 0231840 | 000242099 | 第一样本阅览室/ [索取号:G633.62/177:3(1)] | 在馆 |